| 000 | 00714cam a22002531 4500 | ||
|---|---|---|---|
| 001 | sa 66000632 | ||
| 003 | DLC | ||
| 005 | 20260227112216.0 | ||
| 008 | 780608s1965 ii b 000 0 eng | ||
| 010 | _asa 66000632 | ||
| 035 | _a(OCoLC)3960523 | ||
| 040 |
_aDLC _cAzU _dAzU _dDLC |
||
| 042 | _apremarc | ||
| 050 | 0 | 0 |
_aBL1210 _b.G45 |
| 100 | 1 |
_aGhurye, G. S. _q(Govind Sadashiv), _d1893-1983. |
|
| 245 | 1 | 0 |
_aReligious consciousness _c[by] G. S. Ghurye. |
| 260 |
_aBombay, _bPopular Prakashan, _c1965. |
||
| 300 |
_avii, 383 p. _c25 cm. |
||
| 490 | 0 |
_aFoundations of culture ; _v[1] |
|
| 504 | _aBibliography: p. 357-373. | ||
| 650 | 0 | _aHinduism. | |
| 651 | 0 |
_aEgypt _xReligion. |
|
| 651 | 0 |
_aIraq _xReligion. |
|
| 999 |
_c67354 _d67354 |
||